[Event "Roncana op-A 8th"]
[Site "Santa Eulalia de Roncana"]
[Date "2014.11.15"]
[Round "5"]
[White "Vegara Gallego, Pere"]
[Black "Garcia Payas, Alex"]
[Result "0-1"]
[WhiteElo "1890"]
[BlackElo "1952"]
[PlyCount "54"]
[EventDate "2014.10.11"]
[EventType "swiss"]
[EventRounds "8"]
[EventCountry "ESP"]
[SourceTitle "CBM 163 Extra"]
[Source "ChessBase"]
[SourceDate "2014.12.23"]
[SourceVersion "1"]
[SourceVersionDate "2014.12.23"]
[SourceQuality "1"]

1. e4 e5 2. Nc3 Nf6 3. Nf3 Nc6 4. Be2 Bc5 5. 0-0 d6 6. d3 Be6 7. Bg5 h6 8. Be3 Bb6 9. Bxb6 axb6 10. Nd2 0-0 11. f4 exf4 12. Rxf4 Ne5 13. Rf1 Nfg4 14. Bxg4 Nxg4 15. Qe1 Qg5 16. Nf3 Qe3+ 17. Qxe3 Nxe3 18. Rf2 Ng4 19. Rd2 Ne5 20. Nxe5 dxe5 21. a3 Rfd8 22. Rf2 c6 23. Kf1 g6 24. Ke2 Kg7 25. Raf1 Rd6 26. Rf6 Bg4+ 27. Ke3 Rxf6 0-1

[Event "Llinars del Valles op-B 8th"]
[Site "Llinars del Valles"]
[Date "2014.05.10"]
[Round "3"]
[White "Garcia Payas, Alex"]
[Black "Herrera Galera, Gerard"]
[Result "1/2-1/2"]
[WhiteElo "1928"]
[BlackElo "1796"]
[PlyCount "76"]
[EventDate "2014.04.26"]
[EventType "swiss"]
[EventRounds "8"]
[EventCountry "ESP"]
[SourceTitle "EXT 2015"]
[Source "ChessBase"]
[SourceDate "2014.11.20"]
[SourceVersion "1"]
[SourceVersionDate "2014.11.20"]
[SourceQuality "1"]

1. e4 e5 2. Nf3 Nc6 3. Bb5 Nf6 4. 0-0 d6 5. d4 Bd7 6. Nc3 Nxd4 7. Nxd4 exd4 8. Qxd4 Bxb5 9. Nxb5 Qd7 10. Nc3 Be7 11. Re1 0-0 12. Bg5 h6 13. Bxf6 Bxf6 14. e5 Be7 15. Rad1 Rfe8 16. Ne4 Rad8 17. exd6 Bxd6 18. Nxd6 Rxe1+ 19. Rxe1 Qxd6 20. Qxd6 Rxd6 21. Kf1 Kf8 22. f3 Rd2 23. Re2 Rd1+ 24. Kf2 Rd5 25. g4 g5 26. Kg3 f6 27. b3 Kf7 28. h4 c6 29. h5 Re5 30. Rxe5 fxe5 31. Kf2 Ke6 32. Ke3 b6 33. Ke4 a6 34. b4 Kf6 35. a3 Ke6 36. c3 Kf6 37. Kd3 Ke6 38. Ke4 Kf6 1/2-1/2

[Event "Llinars del Valles op-B 8th"]
[Site "Llinars del Valles"]
[Date "2014.04.26"]
[Round "1"]
[White "Garcia Payas, Alex"]
[Black "Panella Gene, Jesus"]
[Result "0-1"]
[WhiteElo "1928"]
[BlackElo "1778"]
[PlyCount "38"]
[EventDate "2014.04.26"]
[EventType "swiss"]
[EventRounds "8"]
[EventCountry "ESP"]
[SourceTitle "EXT 2015"]
[Source "ChessBase"]
[SourceDate "2014.11.20"]
[SourceVersion "1"]
[SourceVersionDate "2014.11.20"]
[SourceQuality "1"]

1. c4 e5 2. g3 c6 3. Bg2 Nf6 4. Nc3 d5 5. cxd5 Nxd5 6. Nxd5 cxd5 7. Qb3 e4 8. e3 Nc6 9. Ne2 Rb8 10. Nf4 Be6 11. d3 exd3 12. Bxd5 Bxd5 13. Nxd5 Bc5 14. Qxd3 0-0 15. Nf4 Qa5+ 16. Ke2 Rbd8 17. Qc4 Ne5 18. Qb3 Qa6+ 19. Ke1 Nf3# 0-1

[Event "Mataro op 10th"]
[Site "Mataro"]
[Date "2013.11.30"]
[Round "9"]
[White "Garcia Payas, Alex"]
[Black "Giro Castellet, Esteve"]
[Result "1-0"]
[WhiteElo "1921"]
[BlackElo "1826"]
[PlyCount "121"]
[EventDate "2013.09.28"]
[EventType "swiss"]
[EventRounds "9"]
[EventCountry "ESP"]
[SourceTitle "EXT 2016"]
[Source "ChessBase"]
[SourceDate "2015.10.08"]
[SourceVersion "1"]
[SourceVersionDate "2015.10.08"]
[SourceQuality "1"]

1. e4 c5 2. Nf3 Nc6 3. d4 cxd4 4. Nxd4 e5 5. Nb3 Be7 6. Nc3 Nf6 7. Be2 Bb4 8. f3 Qb6 9. Qd3 Nd4 10. Bd2 Nxb3 11. axb3 Bc5 12. Na4 Bf2+ 13. Kf1 Qd4 14. Qxd4 Bxd4 15. c3 b5 16. Bxb5 a6 17. Bc4 Ba7 18. Be1 Bb7 19. Bf2 d5 20. exd5 Nxd5 21. Nc5 Bc6 22. Rxa6 Nb6 23. Bd3 0-0 24. Ne4 Bb7 25. Ra3 f5 26. Ng3 e4 27. Be2 exf3 28. Bxf3 Bxf3 29. gxf3 Rfd8 30. Bd4 g6 31. Kf2 Nc8 32. Bxa7 Rd2+ 33. Ke3 Rxb2 34. Bc5 Rxa3 35. Bxa3 Rxb3 36. Bb4 Nb6 37. Rd1 Rb2 38. Nf1 Nc4+ 39. Kd4 Nb6 40. Rd2 Rb1 41. Ng3 Re1 42. Kc5 Na4+ 43. Kb5 Nxc3+ 44. Bxc3 Re3 45. Rd8+ Kf7 46. Bd4 Rxf3 47. Rd7+ Ke6 48. Rxh7 f4 49. Rg7 fxg3 50. Rxg6+ Kd5 51. hxg3 Kxd4 52. Kc6 Ke3 53. Kd6 Kf2 54. g4 Kg3 55. Rg8 Rf4 56. g5 Kg4 57. Ke6 Rf5 58. g6 Kg5 59. Ke7 Rf6 60. g7 Kg6 61. Rf8 1-0